000 00907nam a22002777a 4500
001 7613
003 FISKH
005 20250728094847.0
008 250728b cb ||||| |||| 00| 0 eng d
020 _a9780399234408
040 _aFISKH
_beng
_cFISKH
_dFISKH
050 _aPZ7.S5235 B
082 _a160
100 _aSeymour, Jane
245 _aBoing ! No bouncing on the bed /
_cJane Seymour, James Keach ; illustrated by Geoffrey Planer
260 _aNew York :
_bG. P. Putnam's Sons,
_c1999.
300 _a32 unnumbered pages :
_bcolor illustrations ;
_c23 cm
505 _aJ
520 _aTwo naughty kittens bother their parents by jumping up and down on all the beds and chairs in the house.
521 8 _a430
_bLexile estimate
521 8 _aJ
_bRaz-Plus
650 _aAnimals
_vCats
_xKids
700 _aPlaner, Geoffrey
_eillustrator
942 _2ddc
_cBK
_n0
999 _c7613
_d7613